| 000 | 01244nam a22003134a 4500 | ||
|---|---|---|---|
| 001 | 529 | ||
| 003 | BR-RjBN | ||
| 005 | 20260528133855.0 | ||
| 008 | 170101s2017 sp j 000 f por d | ||
| 020 | _a9788595200487 | ||
| 040 |
_bpor _aBR-IBIA _cBR-IBIA _erda |
||
| 041 | 1 | _apor | |
| 082 |
_a028.5 _bO51j |
||
| 100 | 1 |
_aOlmedo, Jessica, _d1994- |
|
| 245 | 1 | 0 |
_aJesus : _bo maior de todos os heróis / _cJessica Olmedo ; ilustração Jessica Olmedo ; revisão Beatriz Hune. |
| 250 | _a1. ed. | ||
| 260 |
_aSão Paulo : _bPé da Letra, _c2017. |
||
| 300 |
_a12 p. : _bil. color. ; _c30 cm. |
||
| 490 | 1 | _aClássicos bíblicos | |
| 520 | _aLivro infantil que apresenta Jesus como o maior herói da humanidade, destacando seu amor, sacrifício e missão de salvar as pessoas. Com linguagem simples e ilustrações coloridas, a obra busca transmitir valores cristãos e aproximar as crianças das histórias bíblicas de maneira educativa e acessível. | ||
| 650 | 0 | _aLiteratura infantojuvenil brasileira. | |
| 650 | 0 | _aHistórias bíblicas. | |
| 650 | 0 | _aJesus Cristo. | |
| 650 | 0 | _aLiteratura cristã infantil. | |
| 655 | 0 | _aLiteratura infantil. | |
| 655 | 0 | _aFicção religiosa. | |
| 700 | 1 |
_aHune, Beatriz, _erev. |
|
| 942 |
_2ddc _n0 _cBK |
||
| 999 |
_c529 _d529 |
||